000
00304nam a2200121Ia 4500
008
190216s9999||||xx |||||||||||||| ||und||
100
_a
Lloyd E Malm
245
0
_a
Chemistry Experimental Science
260
_b
W H Freeman And Company
_c
1964
300
_a
137p
650
_a
Chemistry-Chemistry
942
_c
BK
999
_c
1960
_d
1960